Miasta Goszczące Finały Copa America - Statystyki

Ogólne statystyki
  • Ten quiz został rozwiązany 65 razy
  • Średni wynik to 13 z 22
Statystyki odpowiedzi
Rok Miasto % Poprawnych
2011 Buenos Aires
84%
1987 Buenos Aires
84%
1979c Buenos Aires
84%
1995 Montevideo
79%
1983a Montevideo
79%
2021 Rio de Janeiro
79%
2019 Rio de Janeiro
79%
2001 Bogota
70%
1975a Bogota
70%
2004 Lima
70%
1975b Lima
70%
2015 Santiago
68%
1979b Santiago
68%
1997 La Paz
63%
1975c Caracas
60%
1999 Asuncion
51%
1979a Asuncion
51%
2016 Nowy Jork
47%
2024 Miami
32%
1983b Salvador
11%
1993 Guayaquil
9%
2007 Maracaibo
7%
Nie znaleziono quizów pasujących do podanych kryteriów
Rozkład punktacji
Procent ludzi z każdym wynikiem
Percentyl według liczby udzielonych odpowiedzi
Twoja historia wyników
Nie rozwiązałeś tego quizu